LEADER 06633nam 2200625 450 001 996466067103316 005 20220512120355.0 010 $a3-540-72907-0 024 7 $a10.1007/978-3-540-72907-5 035 $a(CKB)1000000000490601 035 $a(EBL)3037316 035 $a(SSID)ssj0000317829 035 $a(PQKBManifestationID)11211920 035 $a(PQKBTitleCode)TC0000317829 035 $a(PQKBWorkID)10295591 035 $a(PQKB)11111065 035 $a(DE-He213)978-3-540-72907-5 035 $a(MiAaPQ)EBC3037316 035 $a(MiAaPQ)EBC6711179 035 $a(Au-PeEL)EBL6711179 035 $a(OCoLC)1136680323 035 $a(PPN)123727839 035 $a(EXLCZ)991000000000490601 100 $a20220512d2007 uy 0 101 0 $aeng 135 $aur|n|---||||| 181 $ctxt 182 $cc 183 $acr 200 00$aFunctional imaging and modeling of the heart $e4th international conference, FIMH 2007, Salt Lake City, UT, USA, June 7-9, 2007 : proceedings /$fFrank B. Sachse, Gunnar Seemann (editors) 205 $a1st ed. 2007. 210 1$aBerlin ;$aHeidelberg ;$aNew York :$cSpringer,$d[2007] 210 4$d©2007 215 $a1 online resource (497 p.) 225 1 $aLecture notes in computer science ;$v4466 300 $aDescription based upon print version of record. 311 $a3-540-72906-2 320 $aIncludes bibliographical references. 327 $aImaging and Image Analysis -- Local Wall-Motion Classification in Echocardiograms Using Shape Models and Orthomax Rotations -- A Fully 3D System for Cardiac Wall Deformation Analysis in MRI Data -- Automated Tag Tracking Using Gabor Filter Bank, Robust Point Matching, and Deformable Models -- Strain Measurement in the Left Ventricle During Systole with Deformable Image Registration -- Vessel Enhancement in 2D Angiographic Images -- Effect of Noise and Slice Profile on Strain Quantifications of Strain Encoding (SENC) MRI -- Reconstruction of Detailed Left Ventricle Motion from tMRI Using Deformable Models -- Computer Aided Reconstruction and Motion Analysis of 3D Mitral Annulus -- Volumetric Analysis of the Heart Using Echocardiography -- Constrained Reconstruction of Sparse Cardiac MR DTI Data -- An Experimental Framework to Validate 3D Models of Cardiac Electrophysiology Via Optical Imaging and MRI -- A Framework for Analyzing Confocal Images of Transversal Tubules in Cardiomyocytes -- Cardiac Electrophysiology -- Computer Simulation of Altered Sodium Channel Gating in Rabbit and HumanVentricular Myocytes -- Scroll Waves in 3D Virtual Human Atria: A Computational Study -- Determining Recovery Times from Transmembrane Action Potentials and Unipolar Electrograms in Normal Heart Tissue -- Simulations of Cardiac Electrophysiological Activities Using a Heart-Torso Model -- An Anisotropic Multi-front Fast Marching Method for Real-Time Simulation of Cardiac Electrophysiology -- Parallel Solution in Simulation of Cardiac Excitation Anisotropic Propagation -- A Three Dimensional Ventricular E-Cell (3Dv E-Cell) with Stochastic Intracellular Ca 2?+? Handling -- A Model for Simulation of Infant Cardiovascular Response to Orthostatic Stress -- Effects of Geometry and Architecture on Re-entrant Scroll Wave Dynamics in Human Virtual Ventricular Tissues -- Can We Trust the Transgenic Mouse? Insights from Computer Simulations -- Relating Discontinuous Cardiac Electrical Activity to Mesoscale Tissue Structures: Detailed Image Based Modeling -- Electro- and Magetocardiography -- Is There Any Place for Magnetocardiographic Imaging in the Era of Robotic Ablation of Cardiac Arrhythmias? -- Towards the Numerical Simulation of Electrocardiograms -- Experimental Measures of the Minimum Time Derivative of the Extracellular Potentials as an Index of Electrical Activity During Metabolic and Hypoxic Stress -- Experimental Epicardial Potential Mapping in Mouse Ventricles: Effects of Fiber Architecture -- Noninvasive Electroardiographic Imaging: Application of Hybrid Methods for Solving the Electrocardiography Inverse Problem -- Towards Noninvasive 3D Imaging of Cardiac Arrhythmias -- Forward and Inverse Solutions of Electrocardiography Problem Using an Adaptive BEM Method -- Contributions of the 12 Segments of Left Ventricular Myocardium to the Body Surface Potentials -- Numerical Analysis of the Resolution of Surface Electrocardiographic Lead Systems -- Simultaneous High-Resolution Electrical Imaging of Endocardial, Epicardial and Torso-Tank Surfaces Under Varying Cardiac Metabolic Load and Coronary Flow -- Cardiac Mechanics and Clinical Application -- Characteristic Strain Pattern of Moderately Ischemic Myocardium Investigated in a Finite Element Simulation Model -- Constitutive Modeling of Cardiac Tissue Growth -- Effect of Pacing Site and Infarct Location on Regional Mechanics and Global Hemodynamics in a Model Based Study of Heart Failure -- Effective Estimation in Cardiac Modelling -- Open-Source Environment for Interactive Finite Element Modeling of Optimal ICD Electrode Placement -- Mathematical Modeling of Electromechanical Function Disturbances and Recovery in Calcium-Overloaded Cardiomyocytes -- Locally Adapted Spatio-temporal Deformation Model for Dense Motion Estimation in Periodic Cardiac Image Sequences -- Imaging and Anatomical Modeling -- Visualisation of Dog Myocardial Structure from Diffusion Tensor Magnetic Resonance Imaging: The Paradox of Uniformity and Variability -- Statistical Comparison of Cardiac Fibre Architectures -- Extraction of the Coronary Artery Tree in Cardiac Computer Tomographic Images Using Morphological Operators -- Segmentation of Myocardial Regions in Echocardiography Using the Statistics of the Radio-Frequency Signal -- A Hyperelastic Deformable Template for Cardiac Segmentation in MRI -- Automated Segmentation of the Left Ventricle Including Papillary Muscles in Cardiac Magnetic Resonance Images -- Simulation of 3D Ultrasound with a Realistic Electro-mechanical Model of the Heart -- Automated, Accurate and Fast Segmentation of 4D Cardiac MR Images. 410 0$aLecture notes in computer science ;$v4466. 606 $aHeart$xImaging$vCongresses 606 $aHeart$xComputer simulation$vCongresses 615 0$aHeart$xImaging 615 0$aHeart$xComputer simulation 676 $a611.12 702 $aSachse$b Frank B. 702 $aSeemann$b Gunnar 712 12$aFIMH 2007 801 0$bMiAaPQ 801 1$bMiAaPQ 801 2$bMiAaPQ 906 $aBOOK 912 $a996466067103316 996 $aFunctional Imaging and Modeling of the Heart$92841683 997 $aUNISA LEADER 01630nam a2200361 a 4500 001 991001764429707536 005 20060714 008 060714s it 000 0 ita d 035 $ab13423733-39ule_inst 040 $aDip.to Filologia Ling. e Lett.$bita 041 1 $alat$bita$hgrc 100 0 $aHomerus$0155559 240 10$aIlias.$lLatino.$0Liber 14$91462297 245 10$aNuova traduzione metrica di Iliade, XIV da una miscellanea umanistica di Agnolo Manetti :$bcon la tavola del Codice Magliab. XXV 626 /$cRenata Fabbri 260 $aRoma :$bEdizioni di Storia e Letteratura,$c1981 300 $a116, [3] p., [1] c. di tav. :$bfacsims. ;$c25 cm 440 0$aNote e discussioni erudite ;$v15 500 $a"Correzioni e aggiunte", p.[119] 500 $aTesto in latino, commento in italiano 504 $aCon bibliografia ed indici 650 0$aPoesia epica greca$xTraduzioni in latino 650 0$aAchille (mitologia greca)$xPoesia 650 0$aGuerra di Troia$xPoesia 700 1 $aManetti, Agnolo 700 1 $aFabbri, Renata$eauthor$4http://id.loc.gov/vocabulary/relators/aut$0220838 710 2 $aBiblioteca nazionale centrale di Firenze.$kMss.$n(Magl. 25, 626) 907 $a.b13423733$b20-10-16$c14-07-06 912 $a991001764429707536 945 $aLE008 LLI O XI 33$g1$i2008000094386$lle008$nViti$o-$pE0.00$q-$rl$s- $t0$u0$v0$w0$x0$y.i14268826$z14-07-06 945 $aLE008 Fondo Cesarini Martinelli 035$g1$i2008000425968$lle008$o-$pE0.00$q-$rl$s- $t0$u0$v0$w0$x0$y.i15159139$z03-08-10 996 $aIlias$91462297 997 $aUNISALENTO 998 $ale008$b14-07-06$cm$da $e-$fita$git $h0$i0 LEADER 05318nam 22006375 450 001 9910484880603321 005 20251113175331.0 010 $a3-030-60535-3 024 7 $a10.1007/978-3-030-60535-3 035 $a(CKB)5590000000442503 035 $a(MiAaPQ)EBC6532738 035 $a(Au-PeEL)EBL6532738 035 $a(OCoLC)1246579040 035 $a(PPN)255289553 035 $a(DE-He213)978-3-030-60535-3 035 $a(EXLCZ)995590000000442503 100 $a20210401d2021 u| 0 101 0 $aeng 135 $aurcnu|||||||| 181 $ctxt$2rdacontent 182 $cc$2rdamedia 183 $acr$2rdacarrier 200 10$aPolynomial Automorphisms and the Jacobian Conjecture $eNew Results from the Beginning of the 21st Century /$fby Arno van den Essen, Shigeru Kuroda, Anthony J. Crachiola 205 $a1st ed. 2021. 210 1$aCham :$cSpringer International Publishing :$cImprint: Birkhäuser,$d2021. 215 $a1 online resource (197 pages) $cillustrations 225 1 $aFrontiers in Mathematics,$x1660-8054 311 08$a3-030-60533-7 320 $aIncludes bibliographical references and index. 327 $aIntro -- Preface -- Acknowledgments -- Contents -- 1 The Shestakov-Umirbaev Theory and Nagata's Conjecture -- 1.1 The Shestakov-Umirbaev Theory -- 1.1.1 Nagata's Conjecture -- 1.1.2 Weighted Grading -- 1.1.3 Initial Algebras and Elementary Reductions -- 1.1.4 Wildness Criterion -- 1.2 Structure of the Proof -- 1.2.1 Key Propositions -- 1.2.2 Induction -- 1.2.3 Proof of Claim A -- 1.2.4 Proof of Claim B -- Summary of Sect.1.2 -- 1.3 Degree Inequalities -- 1.3.1 Differentials -- 1.3.2 Shestakov-Umirbaev Inequality -- 1.3.3 Useful Consequences -- 1.3.4 Exercises -- 1.3.5 Degrees of Cofactor Expansions -- 1.4 Weak Shestakov-Umirbaev Condition -- 1.4.1 Description of g1 and g2 -- 1.4.2 Degree Estimations -- 1.5 Completion of the Proof -- 1.6 How to Find Reductions -- 1.6.1 Elementary Reduction -- 1.6.2 Shestakov-Umirbaev Reduction -- 2 Counterexamples to Hilbert's Fourteenth Problem -- 2.1 Introduction -- 2.2 Main Theorem -- 2.2.1 Construction -- 2.2.2 A Sufficient Condition on t2,...,tn -- 2.2.3 Example and Remarks -- 2.3 Criterion for Non-finite Generation -- 2.4 Proof of Theorem 2.2.4, Part I -- 2.5 Proof of Theorem 2.2.4, Part II -- 2.6 Application (1): Derivations -- 2.7 Application (2): Invariant Fields -- 3 Prime Characteristic Methods and the Cancellation Problem -- 3.1 The Makar-Limanov and Derksen Invariants -- 3.2 Exponential Maps -- 3.3 Cancellation in Dimensions One and Two -- 3.4 Cancellation in Dimensions Three and Higher -- 4 The Jacobian Conjecture: New Equivalences -- 4.1 Preliminaries: Exterior Forms -- 4.2 The Canonical Poisson Algebra and the Poisson Conjecture -- 4.3 The Weyl Algebra and the Dixmier Conjecture -- Applications to the Case that R is a Domain -- 4.4 The Equivalence of the Dixmier, Jacobian, and Poisson Conjectures -- 4.5 A p-Adic Formulation of the Jacobian Conjecture and the Unimodular Conjecture -- Transitivity. 327 $aKeller Maps and the Unimodular Conjecture -- The Unimodular Conjecture over Zp -- 4.6 A Mysterious Faulty Proof of the Jacobian Conjecture -- 5 Mathieu-Zhao Spaces -- 5.1 Generalizing the Jacobian Conjecture -- 5.2 Mathieu-Zhao Spaces: Definition and Examples -- 5.3 Zhao's Idempotency Theorem -- 5.4 Orthogonal Polynomials and MZ-Spaces -- Orthogonal Polynomials -- 5.5 The Duistermaat-van der Kallen Theorem -- Polytopes -- The Density Theorem -- Applications of the Density Theorem -- Generalizing the Duistermaat-van der Kallen Theorems -- 5.6 The Generalized Vanishing Conjecture -- 5.7 The Image Conjecture -- 5.8 MZ-Spaces of Matrices of Codimension One -- Some Corrections to E1 -- Bibliography -- Index. 330 $aThis book is an extension to Arno van den Essen's Polynomial Automorphisms and the Jacobian Conjecture published in 2000. Many new exciting results have been obtained in the past two decades, including the solution of Nagata's Conjecture, the complete solution of Hilbert's fourteenth problem, the equivalence of the Jacobian Conjecture and the Dixmier Conjecture, the symmetric reduction of the Jacobian Conjecture, the theory of Mathieu-Zhao spaces and counterexamples to the Cancellation problem in positive characteristic. These and many more results are discussed in detail in this work. The book is aimed at graduate students and researchers in the field of Affine Algebraic Geometry. Exercises are included at the end of each section. 410 0$aFrontiers in Mathematics,$x1660-8054 606 $aGeometry, Algebraic 606 $aAlgebra 606 $aMathematics 606 $aAlgebraic Geometry 606 $aAlgebra 606 $aMathematics 615 0$aGeometry, Algebraic. 615 0$aAlgebra. 615 0$aMathematics. 615 14$aAlgebraic Geometry. 615 24$aAlgebra. 615 24$aMathematics. 676 $a516.35 700 $aEssen$b A. R. P. van den$g(Arnoldus Richardus Petrus van den),$f1951-$062938 702 $aCrachiola$b Anthony J. 702 $aKuroda$b Shigeru 801 0$bMiAaPQ 801 1$bMiAaPQ 801 2$bMiAaPQ 906 $aBOOK 912 $a9910484880603321 996 $aPolynomial automorphisms and the Jacobian Conjecture$9374269 997 $aUNINA